<?xml version="1.0" encoding="UTF-8"?>
<collection xmlns="http://www.loc.gov/MARC21/slim">
  <record>
    <leader>00000nam  2200000   4500</leader>
    <controlfield tag="001">INLIS000000000015915</controlfield>
    <controlfield tag="005">20230929012749</controlfield>
    <datafield tag="035" ind1="#" ind2="#">
      <subfield code="a">0010-0923000156</subfield>
    </datafield>
    <controlfield tag="007">ta</controlfield>
    <controlfield tag="008">230929################|##########|#|##</controlfield>
    <datafield tag="084" ind1="#" ind2="#">
      <subfield code="a">R 155 PIM I 2022</subfield>
    </datafield>
    <datafield tag="100" ind1=" " ind2="#">
      <subfield code="a">Agustinus Gatot Hermawan</subfield>
    </datafield>
    <datafield tag="245" ind1="1" ind2="#">
      <subfield code="a">Perlindungan Kolaboratif Antara BP2MI Dengan Organisasi Kemasyarakatan Pemuda Dalam Mewujudkan Perlindungan Pekerja Migran Indonesia yang Paripurna /</subfield>
      <subfield code="c">Agustinus Gatot Hermawan</subfield>
    </datafield>
    <datafield tag="250" ind1="#" ind2="#">
      <subfield code="a">1</subfield>
    </datafield>
    <datafield tag="260" ind1="#" ind2="#">
      <subfield code="a">Jakarta :</subfield>
      <subfield code="b">Pusbangkom Pimnas dan Manajerial ASN,</subfield>
      <subfield code="c">2022</subfield>
    </datafield>
    <datafield tag="300" ind1="#" ind2="#">
      <subfield code="a">69 halaman :</subfield>
      <subfield code="b">ilus ;</subfield>
      <subfield code="c">30 cm</subfield>
    </datafield>
    <datafield tag="650" ind1="#" ind2="4">
      <subfield code="a">IMIGRAN</subfield>
    </datafield>
    <datafield tag="520" ind1="#" ind2="#">
      <subfield code="a">Perlindungan kolaboratif dengan keterlibat secara aktif kekuatan Organisasi Kemasyarakatan Pemuda merupakan cara baru yang diyakini sebagai kebutuhan BP2MI dan pemerintah daerah dalam mewujudkan perlindungan hukum, sosial dan ekonomi yang meliputi sebelum, selama dan setelah PMI bekerja di negara penempatan. Dengan perlindungan kolaboratif ini diharapkan angka penempatan PMI ilegal terutama di lokus proyek perubahan dapat ditekan secara signifikan, dan upaya kolaboratif BP2MI dengan Organisasi Kemasyarakatan Pemuda sera stakeholder di daerah, dengan dilakukan melalui program sosialisasi/diseminasi informasi, pelatihan dan pembekalan advokasi dan pendampingan serta pemberdayaan bagi CPMI maupun PMI Purna beserta keluarganya.</subfield>
    </datafield>
    <datafield tag="856" ind1="#" ind2="#">
      <subfield code="a">Perpustakaan LAN Pusat</subfield>
    </datafield>
    <datafield tag="990" ind1="#" ind2="#">
      <subfield code="a">155</subfield>
    </datafield>
  </record>
</collection>
